Social insurance and pensions law = (Record no. 27945)
[ view plain ]
| 000 -LEADER | |
|---|---|
| fixed length control field | 01139nam a22002775i 4500 |
| 003 - CONTROL NUMBER IDENTIFIER | |
| control field | EG-ScBUE |
| 005 - DATE AND TIME OF LATEST TRANSACTION | |
| control field | 20200104132217.0 |
| 008 - FIXED-LENGTH DATA ELEMENTS--GENERAL INFORMATION | |
| fixed length control field | 200104s2019 ua f l 000 0 eng d |
| 040 ## - CATALOGING SOURCE | |
| Original cataloging agency | EG-ScBUE |
| Language of cataloging | eng |
| Description conventions | rda |
| Transcribing agency | EG-ScBUE |
| Modifying agency | EG-ScBUE |
| 041 1# - LANGUAGE CODE | |
| Language code of text/sound track or separate title | eng |
| -- | ara |
| Language code of original and/or intermediate translations of text | ara |
| 043 ## - GEOGRAPHIC AREA CODE | |
| Geographic area code | f-ua--- |
| 082 04 - DEWEY DECIMAL CLASSIFICATION NUMBER | |
| Classification number | 344.6202 |
| Item number | SOC |
| Edition number | 22 |
| 110 1# - MAIN ENTRY--CORPORATE NAME | |
| Corporate name or jurisdiction name as entry element | Egypt. |
| 245 10 - TITLE STATEMENT | |
| Title | Social insurance and pensions law = |
| Remainder of title | قانون التأمينات الاجتماعية والمعاشات : law No. 148 of the year 2019 / |
| Statement of responsibility, etc | translated by The Middle East Library for Economic Services. |
| 246 31 - VARYING FORM OF TITLE | |
| Title proper/short title | قانون التأمينات الاجتماعية والمعاشات |
| 264 #1 - PUBLICATION, DISTRIBUTION, ETC. (IMPRINT) | |
| Place of publication, distribution, etc | Cairo : |
| Name of publisher, distributor, etc | The Middle East Library for Economic Services, |
| Date of publication, distribution, etc | 2019. |
| 300 ## - PHYSICAL DESCRIPTION | |
| Extent | 1 volume ; |
| Dimensions | 28 cm |
| 336 ## - CONTENT TYPE | |
| Content type term | text |
| Content type code | txt |
| Source | rdacontent |
| 337 ## - MEDIA TYPE | |
| Media type term | unmediated |
| Media type code | n |
| Source | rdamedia |
| 338 ## - CARRIER TYPE | |
| Carrier type term | volume |
| Carrier type code | nc |
| Source | rdacarrier |
| 500 ## - GENERAL NOTE | |
| General note | "Code 231"-- title page. |
| 650 #7 - SUBJECT ADDED ENTRY--TOPICAL TERM | |
| Topical term or geographic name as entry element | التأمين الاجتماعي |
| General subdivision | قوانين وتشريعات |
| Geographic subdivision | مصر. |
| Source of heading or term | BUEsh |
| 9 (RLIN) | 20366 |
| 653 ## - INDEX TERM--UNCONTROLLED | |
| Resource For college | Law |
| Arrived date list | January2020 |
| 710 2# - ADDED ENTRY--CORPORATE NAME | |
| Corporate name or jurisdiction name as entry element | The Middle East Library for Economic Services, |
| Relator term | translator. |
| 942 ## - ADDED ENTRY ELEMENTS (KOHA) | |
| Source of classification or shelving scheme | Dewey Decimal Classification |
| Koha item type | Book - Borrowing |
| Withdrawn status | Lost status | Source of classification or shelving scheme | Damaged status | Not for loan | Collection code | Home library | Current library | Shelving location | Date acquired | Source of acquisition | Total Checkouts | Full call number | Barcode | Date last seen | Price effective from | Koha item type | Date checked out |
|---|---|---|---|---|---|---|---|---|---|---|---|---|---|---|---|---|---|
| Dewey Decimal Classification | Donation-Gift | Central Library | Central Library | First floor | 04/01/2020 | Donation | 344.6202 SOC | 000048476 | 15/07/2025 | 04/01/2020 | NB - Book (Non borrowing) | ||||||
| Dewey Decimal Classification | Donation-Gift | Central Library | Central Library | First floor | 04/01/2020 | Donation | 344.6202 SOC | 000048477 | 15/07/2025 | 04/01/2020 | NB - Book (Non borrowing) | ||||||
| Dewey Decimal Classification | Donation-Gift | Central Library | Central Library | First floor | 04/01/2020 | Donation | 344.6202 SOC | 000048478 | 15/07/2025 | 04/01/2020 | NB - Book (Non borrowing) | ||||||
| Dewey Decimal Classification | Donation-Gift | Central Library | Central Library | First floor | 04/01/2020 | Donation | 344.6202 SOC | 000048479 | 15/07/2025 | 04/01/2020 | NB - Book (Non borrowing) | ||||||
| Dewey Decimal Classification | Donation-Gift | Central Library | Central Library | First floor | 04/01/2020 | Donation | 344.6202 SOC | 000048480 | 15/07/2025 | 04/01/2020 | NB - Book (Non borrowing) | ||||||
| Dewey Decimal Classification | Donation-Gift | Central Library | Central Library | First floor | 04/01/2020 | Donation | 344.6202 SOC | 000048481 | 15/07/2025 | 04/01/2020 | Book - Borrowing | ||||||
| Dewey Decimal Classification | Donation-Gift | Central Library | Central Library | First floor | 04/01/2020 | Donation | 344.6202 SOC | 000048482 | 15/07/2025 | 04/01/2020 | Book - Borrowing | ||||||
| Dewey Decimal Classification | Donation-Gift | Central Library | Central Library | First floor | 04/01/2020 | Donation | 344.6202 SOC | 000048483 | 15/07/2025 | 04/01/2020 | Book - Borrowing | ||||||
| Dewey Decimal Classification | Donation-Gift | Central Library | Central Library | First floor | 04/01/2020 | Donation | 344.6202 SOC | 000048484 | 15/07/2025 | 04/01/2020 | Book - Borrowing | ||||||
| Dewey Decimal Classification | Donation-Gift | Central Library | Central Library | First floor | 04/01/2020 | Donation | 1 | 344.6202 SOC | 000048485 | 22/01/2026 | 04/01/2020 | Book - Borrowing | 22/01/2026 |